Państwa w większości położone na wyspach w Azji - Statystyki

Ogólne statystyki
  • Ten quiz został rozwiązany 59 razy
  • Średni wynik to 10 z 11
Statystyki odpowiedzi
Hint Odpowiedź % Poprawnych
5 Japonia
100%
4 Indonezja
96%
11 (uznawany do Europy) Cypr
94%
3 Filipiny
94%
8 Sri Lanka
91%
10 Timor Wschodni
91%
6 Malediwy
89%
2 Brunei
85%
9 Tajwan
85%
7 Singapur
79%
1 Bahrajn
75%
Nie znaleziono quizów pasujących do podanych kryteriów
Rozkład punktacji
Procent ludzi z każdym wynikiem
Percentyl według liczby udzielonych odpowiedzi
Twoja historia wyników
Nie rozwiązałeś tego quizu